| 000 | 00611nam a2200241Ia 4500 | ||
|---|---|---|---|
| 008 | 160319s9999 xx 000 0 und d | ||
| 020 | _a971-90817-06 | ||
| 050 | _aFIL QA 28 | ||
| 050 | _b.A43 2002 | ||
| 100 | _aAlba, Rene. | ||
| 245 | _aGreat mathematicians and astronomers : | ||
| 245 | _bpart one / | ||
| 245 | _cRene Alba. | ||
| 250 | _aStudent Edition | ||
| 260 | _aQuezon City: | ||
| 260 | _bCurriculum Pub., | ||
| 260 | _c2002 | ||
| 300 | _a115 pages : | ||
| 300 | _billustrations ; | ||
| 300 | _c20 cm. | ||
| 650 | _aMathematics -- Biography. | ||
| 650 | _xAstronomers -- Biography. | ||
| 999 |
_c291801 _d291801 |
||